| 000 | 00685nam a22001817a 4500 | ||
|---|---|---|---|
| 005 | 20251108172856.0 | ||
| 008 | 250721s2004 xx 000 0 ara d | ||
| 082 | 1 | 4 | _aم/213.66/شعر |
| 100 | 1 | _aالشعراني، أبو المواهب عبد الوهاب بن أحمد | |
| 245 | 1 | 0 | _aلواقح الانوار القدسيه / |
| 246 | 1 | 3 | _aمشارق الأنوار القدسية في بيان العهود المحمدية |
| 264 | 1 |
_aدمشق : _bدار اقرا للطباعه و النشر و التوزيع، _c2004. |
|
| 300 | _a640ص | ||
| 650 | 1 | 7 | _aالأحاديث القدسية |
| 700 | 1 |
_aالجراح، نواف _eed. |
|
| 942 |
_2ddc _cREF |
||
| 999 |
_c90650 _d90650 |
||